|
|
|
|
| LEADER |
00000nam a2200000 a 4500 |
| 001 |
vtls001355886 |
| 003 |
SK-MaSNL |
| 005 |
20260301010517.0 |
| 008 |
240314s1987 BG 0 bul |
| 035 |
|
|
|a SNK000309356
|
| 040 |
|
|
|a SNK
|b slo
|c SNK
|e AACR2
|
| 041 |
0 |
|
|a bul
|
| 044 |
|
|
|a BG
|
| 080 |
|
|
|a 808.67-313
|2 1981
|
| 100 |
1 |
|
|a Kovačev, Nikolaj Petkov
|4 aut
|9 292437
|
| 245 |
1 |
0 |
|a Bălgarska onomastika
|b (nauka za sobstvenite imena)
|c Nikolaj Petkov Kovačev
|
| 260 |
|
|
|a Sofija
|b Nauka i izkustvo
|c 1987
|
| 300 |
|
|
|a 211, [1] s.
|c 8°
|
| 650 |
0 |
7 |
|a onomastika
|2 SNK
|9 23494
|
| 958 |
|
|
|a RK
|
| 958 |
|
|
|a OND
|
| 999 |
|
|
|c 548304
|d 550234
|
| 952 |
|
|
|t P60, <04>, [BOOK], {604}
|a SNK
|b SNK
|y VYP
|7 0
|o snkIC 114091
|i snkV 327/90
|0 0
|1 0
|4 0
|d 1999-02-23
|l 0
|r 2005-01-02 00:00:00
|w 2026-02-23
|